Die Räuber; (Record no. 125926)
[ view plain ]
| 000 -LEADER | |
|---|---|
| fixed length control field | 00608cam a22002171 4500 |
| 001 - CONTROL NUMBER | |
| control field | 6612288 |
| 003 - CONTROL NUMBER IDENTIFIER | |
| control field | ARRUPE |
| 005 - DATE AND TIME OF LATEST TRANSACTION | |
| control field | 20170111095037.0 |
| 008 - FIXED-LENGTH DATA ELEMENTS--GENERAL INFORMATION | |
| fixed length control field | 820503s1965 gw b 000 0 ger |
| 010 ## - LIBRARY OF CONGRESS CONTROL NUMBER | |
| LC control number | 67097265 |
| 035 ## - SYSTEM CONTROL NUMBER | |
| System control number | (OCoLC)8393332 |
| 040 ## - CATALOGING SOURCE | |
| Original cataloging agency | DLC |
| Transcribing agency | ICIU |
| Modifying agency | DLC |
| 042 ## - AUTHENTICATION CODE | |
| Authentication code | premarc |
| 050 00 - LIBRARY OF CONGRESS CALL NUMBER | |
| Classification number | PT2468.R2 |
| 300 ## - PHYSICAL DESCRIPTION | |
| Dimensions | 16cm. |
| 100 1# - MAIN ENTRY--PERSONAL NAME | |
| Personal name | Schiller, Friedrich, |
| Dates associated with a name | 1759-1805. |
| 9 (RLIN) | 28212 |
| 245 14 - TITLE STATEMENT | |
| Title | Die Räuber; |
| Remainder of title | schauspiel |
| Statement of responsibility, etc | by Friedrich Schiller; |
| 260 ## - PUBLICATION, DISTRIBUTION, ETC. (IMPRINT) | |
| Place of publication, distribution, etc | Stuttgart |
| Name of publisher, distributor, etc | Philipp Reclam |
| Date of publication, distribution, etc | 1960 |
| 300 ## - PHYSICAL DESCRIPTION | |
| Extent | 140p.; |
| 906 ## - LOCAL DATA ELEMENT F, LDF (RLIN) | |
| a | 7 |
| b | cbc |
| c | oclcrpl |
| d | u |
| e | ncip |
| f | 19 |
| g | y-gencatlg |
| 942 ## - ADDED ENTRY ELEMENTS (KOHA) | |
| Source of classification or shelving scheme | Library of Congress Classification |
| Koha item type | Monograph ( Printed materials) |
| Withdrawn status | Lost status | Source of classification or shelving scheme | Damaged status | Not for loan | Collection code | Home library | Current library | Shelving location | Date acquired | Total Checkouts | Full call number | Barcode | Date last seen | Price effective from | Koha item type |
|---|---|---|---|---|---|---|---|---|---|---|---|---|---|---|---|
| Library of Congress Classification | Main Collection | ARRUPE LIBRARY | ARRUPE LIBRARY | Main Collection | 11/01/2017 | PT2468.R2 | 46500022607 | 02/07/2019 | 11/01/2017 | Monograph ( Printed materials) |